The contribution of Datu Pax Mangudadatu to the improvement of literacy rate in Sultan Kudarat / (Record no. 98856)
[ view plain ]
| 000 -LEADER | |
|---|---|
| fixed length control field | 00710nam a2200181 a 4500 |
| 003 - CONTROL NUMBER IDENTIFIER | |
| control field | 0 |
| 005 - DATE AND TIME OF LATEST TRANSACTION | |
| control field | 20250211092826.0 |
| 008 - FIXED-LENGTH DATA ELEMENTS--GENERAL INFORMATION | |
| fixed length control field | 130126s19uu xx 00 eng d |
| 050 ## - LIBRARY OF CONGRESS CALL NUMBER | |
| Classification number | PHS DS 666.M36.P39 |
| Item number | .S158 2012 |
| 100 ## - MAIN ENTRY--PERSONAL NAME | |
| Personal name | Sakaluran, Prince Raden. |
| 245 ## - TITLE STATEMENT | |
| Title | The contribution of Datu Pax Mangudadatu to the improvement of literacy rate in Sultan Kudarat / |
| Statement of responsibility, etc | Prince Raden Sakaluran. |
| 260 ## - PUBLICATION, DISTRIBUTION, ETC. (IMPRINT) | |
| Place of publication, distribution, etc | Las Piñas City, Philippines : |
| Name of publisher, distributor, etc | Southville International School and Colleges, |
| Date of publication, distribution, etc | 2012. |
| 300 ## - PHYSICAL DESCRIPTION | |
| Extent | 22 pages ; |
| Dimensions | 28 cm. |
| 504 ## - BIBLIOGRAPHY, ETC. NOTE | |
| Bibliography, etc | Includes bibliographical references. |
| 600 ## - SUBJECT ADDED ENTRY--PERSONAL NAME | |
| Personal name | Mangudadatu, Pax |
| General subdivision | Educational policy. |
| 650 ## - SUBJECT ADDED ENTRY--TOPICAL TERM | |
| Topical term or geographic name as entry element | Sultan Kudarat (Philippines) |
| General subdivision | Education policy. |
| 942 ## - ADDED ENTRY ELEMENTS (KOHA) | |
| Source of classification or shelving scheme | Library of Congress Classification |
| Koha item type | PASS |
| Withdrawn status | Lost status | Source of classification or shelving scheme | Damaged status | Home library | Current library | Shelving location | Date acquired | Source of acquisition | Total Checkouts | Full call number | Barcode | Date last seen | Price effective from | Koha item type |
|---|---|---|---|---|---|---|---|---|---|---|---|---|---|---|
| Library of Congress Classification | Luxembourg Library | Luxembourg Library | Portfolio Assessment of SISC Students Section | 01/26/2013 | Donation | PHS DS 666.M36.P39 .S158 2012 | P2957 | 11/19/2019 | 04/08/2014 | PASS |